000
00196nam a2200109Ia 4500
100
_a
#N/A
942
_c
BK
654
_a
2 gb
245
_a
2GB of Linux
260
_b
#N/A
_c
2003
546
_a
ENGLISH
999
_c
34392
_d
34392